| 000 | 00498nam a2200157 a 4500 | ||
|---|---|---|---|
| 001 | 000013289 | ||
| 005 | 20200929163204.0 | ||
| 008 | 091123s19uu dr 001 0 spa d | ||
| 040 |
_aDO-SdBNP _bspa _cBNPHU |
||
| 082 |
_axxxx _bH557a |
||
| 100 | 1 |
_aHernández Acosta, Ángel A. _930484 |
|
| 245 | 1 | 0 |
_aAntorchas de lealtad trujillista / _cÁngel A. Hernández Acosta. |
| 260 |
_aCiudad Trujillo, República Dominicana : _bLa Palabra de Santo Domingo., _c[196?]. |
||
| 300 | _c24 cm. | ||
| 049 | _aBNPD | ||
| 999 |
_c12919 _d12919 |
||